| 000 | 00288nam a2200085Ia 4500 | ||
|---|---|---|---|
| 008 | 220120s9999||||xx |||||||||||||| ||und|| | ||
| 100 |
_aGanga Somanna, Reshma Jose and Sushma _912444 |
||
| 245 | 0 | _aBandwidth recycling in IEEE 802.16 networks | |
| 260 |
_aCoorg Institute of Technology _bPonnampet |
||
| 999 |
_c138031 _d138031 |
||